| 000 | 01376cam a2200289 4500 | ||
|---|---|---|---|
| 001 | ##L130602 | ||
| 008 | 030528n2005 000 0 eng u | ||
| 020 | _a1842192396 | ||
| 035 | _a(Sirsi) u130602 | ||
| 041 | 0 | _aeng | |
| 050 | 0 | 4 | _a336.21 $2 18 |
| 110 | 2 |
_aRoyal Institution of Chartered Surveyors _94900 |
|
| 245 | 0 | 0 | _aRating consultancy code of practice |
| 250 | _a2nd ed. | ||
| 260 |
_aLondon _bRICS _c2005 |
||
| 490 | 0 | _aRICS Code of Practice | |
| 505 | 2 | _aRating consultancy code of practice - 2nd edition (Mandatory) -- Rating consultancy code of practice: Appendix A - England & Wales (Mandatory) -- Rating consultancy code of practice: Appendix B - Scotland (Mandatory) | |
| 520 | _aContains important information and must be provided as part of the written confirmation of the terms of engagement for rating consultancy advice. Includes a downloadable information sheets for ratepayers in Scotland and in England and Wales. | ||
| 520 | _aThis code will be effective from 31 October 2005. Supersedes first edition (ISBN 1842191500). | ||
| 520 | _aSuperseded by third edition from 1 April 2010 (ISBN 9781842195888). | ||
| 651 | 4 | _aSCOTLAND | |
| 651 | 4 | _aENGLAND AND WALES | |
| 690 | _aPROPERTY-PROPERTY TAXATION | ||
| 710 | 2 |
_aInstitute of Revenues, Rating and Valuation _92992 |
|
| 710 | 2 |
_aRating Surveyors' Association _92328 |
|
| 942 | _n0 | ||
| 999 |
_c104494 _d104494 |
||